Statistics for 1960s Bands by Lead Singer

Click here to take the quiz!

General Stats

  • This quiz has been taken 109 times
  • The average score is 7 of 16

Answer Stats

HintAnswer% Correct
Frankie ValliThe Four Seasons
85%
John FogertyCreedence Clearwater Revival
79%
Eric BurdonThe Animals
76%
Ray DaviesThe Kinks
74%
Peter NooneHerman's Hermits
59%
Roger McGuinnThe Byrds
53%
Stevie WinwoodTraffic / Spencer Davis Group
42%
Levi StubbsThe Four Tops
41%
John SebastianThe Lovin' Spoonful
37%
Levon HelmThe Band
30%
Burton CummingsThe Guess Who
29%
Rod ArgentThe Zombies
26%
John KaySteppenwolf
23%
Arthur LeeLove
21%
Felix CavaliereThe Rascals
16%
Curtis MayfieldThe Impressions
10%

Score Distribution

Percentile by Number Answered

Percent of People with Each Score

Your Score History

You have not taken this quiz